000 00738nam a2200265 i 4500
001 C2-0212095
003 PPAK
005 20180728103129.0
008 990401s1997 my |||| ||||| | may d
020 _a9836258485
040 _aPPAK
_beng
_cPPAK
_erda
082 0 4 _a658.15
_2 23
090 0 0 _a658.15
_bOTH
_dG
090 0 0 _a658.15
_bOTH
_dR
100 0 _aOthman Yong,
_eauthor
245 1 0 _aPengantar teori kewangan
264 1 _aKuala Lumpur :
_bDewan Bahasa dan Pustaka ,
_c1997
300 _axi, 300 pages ;
_c24 cm
336 _2rdacontent
_atext
337 _2rdamedia
_aunmediated
338 _2rdacarrier
_avolume
500 _aIncludes indexes
650 1 0 _aBusiness Enterprises - Finance. ; Finance.
942 _ddc
_cB
999 _c158600
_d158600